| 000 | 01567cam a2200289 4500 | ||
|---|---|---|---|
| 001 | ##L123686 | ||
| 008 | 030922n2003 000 0 eng u | ||
| 022 | _a1903287383 | ||
| 035 | _a(Sirsi) u123686 | ||
| 041 | 0 | _aeng | |
| 050 | 0 | 4 | _a697 $2 18 |
| 100 | 1 | 0 | _aJones, P.J. |
| 245 | 0 | 0 |
_aBuilding log book toolkit incorporating: CIBSE TM31 _bbuilding log books and standard templates |
| 260 |
_aLondon _bCIBSE _c2003 |
||
| 300 |
_a10p. _c30cm. _e+i cd-rom |
||
| 350 | _a98 | ||
| 490 | 0 |
_aCIBSE Technical Memorandum _v31: 2003 |
|
| 520 | _aGuide and accompanying CD-RoM on the preparation of buildiing log books, designed to provide a standard approach to the industry. Approved Document 2 of Part L of the Building Regulations (2002) now includes a statutory requirement to provide new and refurbished buildings with a building log book in order to enable the building owner to operate the building in an energy efficient manner and according to the design intent. This guide particularly seeks to ensure that for small businesses the burden of providing the log book is in keeping with the size of their buildings, by incorporating a small business case study and template. | ||
| 520 | _aAccompanying CD-ROM available for reference use in the Library. | ||
| 690 | _aBUILDING AND CONSTRUCTION-ENERGY MANAGEMENT | ||
| 700 | 1 | 0 | _aButcher, Ken |
| 700 | 1 | 0 | _aDavies, Hywel |
| 700 | 1 | 0 | _aBalian, Jacqueline |
| 710 | 2 |
_aChartered Institution of Building Services Engineers _92360 |
|
| 710 | 2 |
_aUnited Kingdom _bDepartment of Trade and Industry |
|
| 942 | _n0 | ||
| 999 |
_c103094 _d103094 |
||